000 01075nam a22003017a 4500
001 10118
003 FISKH
005 20260421142842.0
008 260421b cb ||||| |||| 00| 0 eng d
020 _a9780439260770
040 _aFISKH
_beng
_cFISKH
_dFISKH
050 _a E78 .N78 .K36
082 _a979.500497
100 _aKamma , Anne
245 _aIf you lived with the Indians of the northwest coast /
_cby Anne Kamma : Illustrated by Pamela Johnson
250 _aFirst Scholastic printing , April 2002
260 _aNew York :
_bScholastic ,
_c2002.
300 _a63 pages :
_bcolor illustrations ;
_c19 X 23 cm .
490 _aIf you .....
505 _aU
520 _aDescribes the daily life of the Indians, their clothing, food, games, and customs before and after the coming of the white man.
521 8 _a840
_bLexile
521 8 _aU
_bRaz-Plus
650 _aIndians of North America--Northwest Coast of North America
_vJuvenile literature
700 _aJohnson , Pamela
_eIllustrator
942 _2ddc
_cBK
_n0
999 _c10118
_d10118